000 01528cam a2200337 a 4500
999 _c126601
_d126601
001 13267756
003 ARRUPE
005 20170809115157.0
008 030403s1999 rh a b 100 0 eng
010 _a 2002457652
035 _a(DLC) 2002457652
040 _aDLC
_cDLC
042 _alcode
043 _af-rh---
050 0 0 _aHV1351
_b.H68 1999
245 0 0 _aHow can we help? :
_bapproaches to community-based care : a guide for groups and organisations wishing to assist orphans and other children in distress /
_c[edited by Sandra Morreira].
260 _a[Harare] :
_bChild Protection Society, Zimbabwe,
_c[1999?]
300 _aiv, 68 p. :
_bill. ;
_c21 cm.
500 _aCover title.
500 _a"Produced by Child Protection Society, Zimbabwe, with the assistance of UNICEF; Text based on the written and verbal contributions of the participants at two workshops entitled 'Towards an African Model of Care for Orphaned Children' held in November 1998 and July 1999"--T.p. verso.
504 _aIncludes bibliographical references (p. 67-68).
650 0 _aOrphans
_xCare
_zZimbabwe.
_934653
650 0 _aCommunity-based child welfare
_zZimbabwe.
_934654
650 0 _aFoster home care
_zZimbabwe.
_934655
700 1 _aMorreira, Sandra.
_934656
710 2 _aChild Protection Society, Zimbabwe.
_934657
710 2 _aUNICEF.
_934658
906 _a7
_bcbc
_corigode
_d3
_encip
_f20
_gy-gencatlg
942 _2lcc
_cMONOGRAPH